[Event "Hoogovens 5'"]
[Site "Wijk aan Zee"]
[Date "1999.01.18"]
[Round "8"]
[White "Van Wely, Loek"]
[Black "Svidler, Peter"]
[Result "0-1"]
[WhiteElo "2636"]
[BlackElo "2713"]

1.Nf3 Nf6 2.c4 c5 3.Nc3 d5 4.cxd5 Nxd5 5.e4 Nxc3 6.dxc3 Qc7 7.Bc4 Nc6 8.O-O e6
9.Qe2 Bd6 10.Bg5 O-O 11.Rad1 a6 12.Bd3 b5 13.Bb1 Bb7 14.e5 Bxe5 15.Nxe5 Nxe5
16.Bf4 Qc6 17.f3 Ng6 18.Bg3 Rad8 19.h4 Ne7 20.h5 h6 21.Bh4 f6 22.Be4 Nd5
23.Bb1 Rd7 24.Rde1 Nf4 25.Qc2 Nd3 26.c4 bxc4 27.Re4 Rd4 28.Rfe1 Nxe1 29.Rxe1 f5
30.Bf2 Rd5 31.Qxc4 Re8 32.a3 Qb5 33.Qc3 Qd7 34.Ba2 Rd3 35.Rxe6 Rd1+ 36.Kh2 Rxe6
37.Qe5 Bd5  0-1

[Event "NRW-Liga II 9899"]
[Site "GER"]
[Date "1999.01.20"]
[Round "5"]
[White "Peschel, Andreas"]
[Black "Claesen, Jeroen"]
[Result "0-1"]
[WhiteElo "2175"]
[BlackElo "2330"]

1.c4 Nf6 2.Nc3 c5 3.Nf3 d5 4.cxd5 Nxd5 5.g3 Nc6 6.Bg2 Nc7 7.O-O e5 8.d3 Be7
9.Bd2 O-O 10.a3 Bd7 11.Na2 a5 12.Bc3 f6 13.Nd2 Ne6 14.Nc4 Ned4 15.e3 Ne6
16.a4 Qc7 17.Qb3 Nb4 18.Nxb4 cxb4 19.Bd2 Nc5 20.Qc2 Rfd8 21.b3 Bc6 22.Bxc6 Qxc6
23.d4 exd4 24.exd4 Rxd4 25.Be3 Nxb3 26.Bxd4 Nxd4 27.Qd1 Qxc4 28.Kg2 Qc6+
29.Kh3 Rd8 30.Qh5 Rd5  0-1

[Event "Ubeda op"]
[Site "Ubeda"]
[Date "1999.01.25"]
[Round "6"]
[White "Gaprindashvili, Valerian"]
[Black "Bagaturov, Giorgi"]
[Result "1/2-1/2"]
[WhiteElo "2405"]
[BlackElo "2540"]

1.Nf3 Nf6 2.c4 c5 3.Nc3 e6 4.e3 d5 5.cxd5 exd5 6.d4 Nc6 7.Bb5 Bd6 8.dxc5 Bxc5
9.O-O O-O 10.b3 Bg4 11.Bb2 a6 12.Be2 Re8 13.Rc1 Ba7 14.Rc2 Qd6 15.Rd2 Rad8
16.Qa1 Rxe3 17.fxe3 Bxe3+ 18.Rf2 Bxf2+ 19.Kxf2 d4 20.h3 Bxf3 21.Bxf3 Qf4
22.Qd1 Re8 23.Re2 dxc3 24.Rxe8+ Nxe8 25.Bxc3 Nd6 26.Qd5 Qh6  1/2-1/2

[Event "Ubeda op"]
[Site "Ubeda"]
[Date "1999.01.27"]
[Round "8"]
[White "Sulipa, Aleksandar"]
[Black "De la Villa Garcia, Jesus Maria"]
[Result "1-0"]
[WhiteElo "2415"]
[BlackElo "2500"]

1.Nf3 Nf6 2.c4 c5 3.Nc3 d5 4.cxd5 Nxd5 5.d4 Nxc3 6.bxc3 g6 7.e4 Bg7 8.Be2 Nc6
9.d5 Bxc3+ 10.Bd2 Bxa1 11.Qxa1 Nd4 12.Nxd4 cxd4 13.Qxd4 O-O 14.O-O Re8 15.e5 Be6
16.d6 Qb6 17.Qf4 Rad8 18.Be3 Qb2 19.Bf3 Rd7 20.h4 a5 21.Rd1 Qb4 22.Rd4 Qe1+
23.Kh2 exd6 24.Qf6 Bb3 25.Rxd6 Rxd6 26.exd6 Rxe3 27.d7 Re8 28.axb3 b5 29.Bd5  1-0

[Event "Geneve op"]
[Site "Geneve"]
[Date "1999.01.28"]
[Round "6"]
[White "Kohlweyer, Bernd"]
[Black "Sulskis, Sarunas"]
[Result "1/2-1/2"]
[WhiteElo "2445"]
[BlackElo "2568"]

1.c4 c5 2.Nf3 Nf6 3.Nc3 e6 4.e4 Nc6 5.Be2 Nd4 6.O-O d6 7.d3 Nxe2+ 8.Qxe2 e5
9.Ne1 g6 10.f4 exf4 11.Bxf4 Nh5 12.Be3 Be6 13.Nf3 Bg7 14.Qd2 O-O 15.Bh6 f6
16.Bxg7 Nxg7 17.Rf2 Rf7 18.Raf1 a6 19.Ne2 g5 20.Ng3 h6 21.Ne1 b5 22.b3 bxc4
23.dxc4 h5 24.Nc2 h4 25.Ne2 a5 26.Nc3 a4 27.Ne3 axb3 28.axb3 Ne8 29.Ned5 Kf8
30.Qd1 Kg7 31.Qh5 Bxd5 32.Nxd5 Rb8 33.Ne3 Kg8 34.Ng4 Rh7 35.Qg6+ Rg7 36.Nh6+ Kh8
37.Nf7+ Kg8 38.Qxg7+ Kxg7 39.Nxd8 Rxd8 40.Rf5 Rb8 41.R1f3 Rb7 42.g3 hxg3
43.Rxg3 Kf7  1/2-1/2

[Event "Saintly Cup"]
[Site "Sydney"]
[Date "1999.01.31"]
[Round "9"]
[White "Roeder, Mathias"]
[Black "West, Guy"]
[Result "1-0"]
[WhiteElo "2447"]
[BlackElo "2414"]

1.Nf3 c5 2.c4 Nf6 3.Nc3 g6 4.e4 Bg7 5.d4 cxd4 6.Nxd4 d6 7.Be2 O-O 8.O-O a6
9.Be3 b6 10.Qd2 Bb7 11.f3 Re8 12.Rfd1 Nbd7 13.Bf1 Rc8 14.Rac1 e6 15.Nb3 Rc6
16.Na4 d5 17.exd5 exd5 18.c5 bxc5 19.Naxc5 Nxc5 20.Nxc5 Bc8 21.Bd4 Qd6 22.b4 h5
23.b5 Rb6 24.Nxa6 Bxa6 25.bxa6 Rbb8 26.a7 Ra8 27.Bb5 Re7 28.Rc6 Qd8 29.Rxf6 Bxf6
30.Bxf6 Qb6+ 31.Bd4 Qxb5 32.Qh6 f6 33.Qxg6+ Rg7 34.Qxf6 Raxa7 35.Qe6+  1-0

[Event "Yangon schev"]
[Site "Yangon"]
[Date "1999.02.01"]
[Round "2"]
[White "Sharavdorj, Dashzeveg"]
[Black "Moun Moun Latt"]
[Result "1/2-1/2"]
[WhiteElo "2431"]
[BlackElo "2554"]

1.Nf3 Nf6 2.c4 c5 3.Nc3 d5 4.cxd5 Nxd5 5.e4 Nb4 6.Bc4 Be6 7.Bxe6 Nd3+ 8.Kf1 fxe6
9.Ng5 Qb6 10.Qa4+ Nc6 11.Qc4 O-O-O 12.Qxe6+ Rd7 13.Nf7 c4 14.Nd1 Qb5 15.a4 Qh5
16.f3 Nc5 17.Qxc4 Rd4 18.Qc2 Nd3 19.Nxh8 Qh4 20.Ke2 Nf4+ 21.Kf1 Nd3 22.Ke2 Nf4+
23.Kf1  1/2-1/2

[Event "Budapest FS02 IM"]
[Site "Budapest"]
[Date "1999.02.07"]
[Round "2"]
[White "Serrer, Christoph"]
[Black "Parkanyi, Attila"]
[Result "0-1"]
[WhiteElo "2285"]
[BlackElo "2362"]

1.Nf3 Nf6 2.c4 c5 3.Nc3 g6 4.g3 Bg7 5.d4 cxd4 6.Nxd4 Nc6 7.Bg2 Nxd4 8.Qxd4 O-O
9.O-O d6 10.Qd3 Bf5 11.e4 Be6 12.Bd2 Ng4 13.b3 Qb6 14.Na4 Qa6 15.Nc3 Rac8
16.Rac1 Qa3 17.Qe2 a6 18.h3 Ne5 19.Be3 Nxc4 20.Nb1 Qb2 21.Rc2 Qxc2 22.Qxc2 Nxe3
23.Qd2 Nxf1 24.Bxf1 Rc6 25.Kg2 Rfc8 26.Na3 b5 27.Bd3 d5 28.Nc2 dxe4 29.Bxe4 Rd6
30.Qe2 Rcd8 31.Nb4 Bf6 32.Kh2 Rd2 33.Qe3 Rb2  0-1

[Event "RUS-Cup03 (Geller mem)"]
[Site "Moscow"]
[Date "1999.02.07"]
[Round "6"]
[White "Iskusnyh, Sergei"]
[Black "Fokin, Sergey"]
[Result "1-0"]
[WhiteElo "2486"]
[BlackElo "2390"]

1.Nf3 c5 2.c4 Nf6 3.Nc3 e6 4.g3 b6 5.Bg2 Bb7 6.O-O Be7 7.Re1 O-O 8.e4 d6
9.d4 cxd4 10.Nxd4 Qc8 11.Be3 a6 12.Rc1 Nbd7 13.f4 g6 14.f5 gxf5 15.exf5 Bxg2
16.fxe6 fxe6 17.Kxg2 Ne5 18.Bf4 Qb7+ 19.Kg1 Rf7 20.Bxe5 dxe5 21.Nxe6 Qc6
22.Rxe5 Re8 23.Qd4 Nd7 24.Re4 Bf6 25.Qd5 Qxd5 26.cxd5 Bxc3 27.Rxc3 Nf6 28.Re5 Nxd5
29.Rxd5 Rxe6 30.Rg5+ Kf8 31.Rc8+ Ke7 32.Rc7+ Kf6 33.Rxf7+ Kxf7 34.Kf2 Rc6
35.Re5 Kf6 36.Re2 Kf5 37.Kf3 b5 38.g4+ Kg5 39.Kg3 Rd6 40.h4+ Kg6 41.Kf3 Kf6
42.Ke4 Re6+ 43.Kd3 Rd6+ 44.Ke4 Re6+ 45.Kf3 Rd6 46.Ke4 Re6+ 47.Kf3 Rd6 48.Rc2 Re6
49.Kf4 Rd6 50.Ke4 Re6+ 51.Kf4 Rd6 52.g5+ Kf7 53.Rc7+ Kg8 54.Kg4 Rd4+ 55.Kh5 Rd6
56.Ra7 Rc6 57.a3 Rd6 58.b3 Re6 59.a4 b4 60.a5  1-0

[Event "RUS-Cup03 (Geller mem)"]
[Site "Moscow"]
[Date "1999.02.07"]
[Round "6"]
[White "Popov, Valerij"]
[Black "Belozerov, Andrei"]
[Result "1/2-1/2"]
[WhiteElo "2582"]
[BlackElo "2437"]

1.Nf3 Nf6 2.c4 e6 3.Nc3 c5 4.g3 b6 5.Bg2 Bb7 6.O-O Nc6 7.b3 Be7 8.d4 Nxd4
9.Nxd4 Bxg2 10.Kxg2 cxd4 11.Qxd4 Qc7 12.e4 d6 13.Rd1 O-O 14.Bb2 a6 15.Rd2 Rfd8
16.Rad1 Rab8 17.Qd3 h6 18.f3 Nd7 19.Qd4 Nf6 20.Qd3  1/2-1/2

[Event "RUS-Cup03 (Geller mem)"]
[Site "Moscow"]
[Date "1999.02.09"]
[Round "8"]
[White "Abramov, AP."]
[Black "Drozdovsky, Yuri"]
[Result "0-1"]
[WhiteElo "2160"]
[BlackElo "2312"]

1.c4 c5 2.Nf3 Nf6 3.Nc3 d5 4.cxd5 Nxd5 5.e4 Nb4 6.d3 N8c6 7.Be3 e5 8.Be2 Be7
9.O-O Be6 10.Ne1 O-O 11.Bg4 Nd4 12.Bxd4 exd4 13.Bxe6 fxe6 14.Ne2 Nc6 15.g3 Qd7
16.f4 e5 17.Ng2 Kh8 18.Rc1 b6 19.Qd2 Qd6 20.f5 g5 21.g4 Bf6 22.Kf2 Rac8 23.Rh1 Qe7
24.Ng1 Rg8 25.Nf3 Na5 26.b3 Nb7 27.Rcg1 Nd6 28.h4 Nf7 29.h5 b5 30.Rc1 Nd6
31.Qe2 Qb7 32.Nd2 Rc7 33.Rc2 Rgc8 34.Rhc1 h6 35.Ne1 Rc6 36.Nef3 Nf7 37.Kg3 R8c7
38.Qd1 Kg7 39.a4 a6 40.axb5 axb5 41.Ra1 Nd6 42.Qb1 Ra6 43.Rca2 Rxa2 44.Qxa2 Kf7
45.Kf2 Ke7 46.Qa6 Qxa6 47.Rxa6 Kd7 48.Ke2 Rc6 49.Ra7+ Rc7 50.Rxc7+ Kxc7 51.Kd1 Kb6
52.Kc2 Ka5 53.Ne1 Be7 54.Kb2 Ne8 55.Nef3 Bd6 56.Nxg5 hxg5 57.Nf3 Nf6 58.h6 Nh7
59.f6 Kb6 60.Kc2 Kc6 61.Kd2 Kd7 62.Ke2 Ke6 63.Nd2 Kxf6 64.Nb1 Kg6 65.Na3 c4
66.Nxb5 cxb3 67.Kd1 Bb8 68.Kc1 Kxh6 69.Kb2 Nf6 70.Kxb3 Nxg4  0-1

[Event "RUS-Cup03 (Geller mem)"]
[Site "Moscow"]
[Date "1999.02.12"]
[Round "3"]
[White "Ivanov, Timur"]
[Black "Zhadanov, Nikolay"]
[Result "1-0"]
[WhiteElo "2390"]
[BlackElo "2230"]

1.Nf3 Nf6 2.c4 g6 3.Nc3 c5 4.e4 Nc6 5.d4 cxd4 6.Nxd4 Bg7 7.Be3 d6 8.Be2 O-O
9.O-O Nxd4 10.Bxd4 Be6 11.f4 a6 12.Rc1 Qa5 13.f5 Bd7 14.Rb1 Qd8 15.a4 Bc6
16.b4 b6 17.Nd5 Bxd5 18.exd5 Nd7 19.Bxg7 Kxg7 20.Qd4+ Kg8 21.Rb3 f6 22.fxg6 hxg6
23.Rg3 Ne5 24.Qe4 Qe8 25.Bh5 Kh7 26.Rf5 Rg8 27.Qh4 Kg7 28.Rxe5 dxe5 29.Rxg6+ Qxg6
30.Bxg6 Kxg6 31.Qg4+ Kf7 32.Qe6+ Kf8 33.d6 Re8 34.c5 bxc5 35.bxc5  1-0

[Event "RUS-Cup03 (Geller mem)"]
[Site "Moscow"]
[Date "1999.02.12"]
[Round "3"]
[White "Donchenko, Anatoly G"]
[Black "Prokopchuk, Evgeny"]
[Result "1/2-1/2"]
[WhiteElo "2382"]
[BlackElo "2489"]

1.Nf3 c5 2.c4 Nf6 3.Nc3 e6 4.g3 b6 5.Bg2 Bb7 6.d4 cxd4 7.Qxd4 d6 8.b3 Be7
9.Ba3 O-O 10.Rd1 d5 11.Bxe7 Qxe7 12.cxd5 Nxd5 13.O-O  1/2-1/2

[Event "RUS-Cup03 (Geller mem)"]
[Site "Moscow"]
[Date "1999.02.13"]
[Round "4"]
[White "Tosic, Miroslav"]
[Black "Kachar, Vladimir"]
[Result "0-1"]
[WhiteElo "2517"]
[BlackElo "2390"]

1.Nf3 Nf6 2.c4 c5 3.Nc3 d5 4.cxd5 Nxd5 5.g3 Nc6 6.Bg2 g6 7.O-O Bg7 8.Nxd5 Qxd5
9.d3 Bd7 10.Ng5 Qd4 11.Be3 Qe5 12.Qb3 e6 13.Qxb7 Rb8 14.Qa6 Rb6 15.Qa3 Qxb2
16.Qxc5 Rb5 17.Qc4 Ne5 18.Qh4 Qxe2 19.Ne4 O-O 20.Kh1 Bc6 21.Rac1 Ba8 22.d4 Nf3
23.Qg4 Nxd4 24.Qxe2 Nxe2 25.Rc7 a5 26.Ra7 Bd5 27.a4 Rb4 28.Nc5 Rc8 29.Rxa5 Nc3
30.Re1 Rc4 31.Kg1 Bxg2 32.Kxg2 Nd5 33.Nb3 Bc3 34.Rxd5 exd5 35.Rd1 Rb4 36.Nc1 d4
37.Bh6 Rxa4 38.Nd3 Ra1 39.Bc1 Rb8 40.Kf3 Rbb1 41.Ke2 Ra2+ 42.Kf3 f5 43.g4 fxg4+
44.Kxg4 Bd2 45.Rxd2 Rxd2 46.Bxd2 Rd1 47.Kf3 Rxd2 48.Ke4 Rd1 49.Kxd4 Rh1 50.f4 Rxh2
51.f5 g5 52.Ne5 Rd2+ 53.Ke3 Ra2 54.f6 h5  0-1

[Event "RUS-Cup03 (Geller mem)"]
[Site "Moscow"]
[Date "1999.02.14"]
[Round "5"]
[White "Fokin, Sergey"]
[Black "Dragomarezkij, Evgeni"]
[Result "1-0"]
[WhiteElo "2390"]
[BlackElo "2486"]

1.Nf3 c5 2.c4 Nf6 3.Nc3 e6 4.g3 b6 5.Bg2 Bb7 6.O-O Be7 7.Re1 O-O 8.e4 d6
9.d4 cxd4 10.Nxd4 Qc8 11.b3 a6 12.Bb2 Nbd7 13.f4 g6 14.Qd2 e5 15.Nd5 Qd8
16.Nf3 Re8 17.Nxe7+ Qxe7 18.Nh4 Nc5 19.Qc2 Rac8 20.b4 Ncd7 21.Qd3 Nh5 22.f5 Nf4
23.gxf4 Qxh4 24.Qxd6 Rcd8 25.Qc7 Nf6 26.Re2 Bxe4 27.fxe5 Bd3 28.e6 fxe6 29.Rxe6 Rc8
30.Qe5 Be4 31.Qxf6 Qxf6 32.Bxf6  1-0

[Event "Goodricke 10th op"]
[Site "Calcutta"]
[Date "1999.02.16"]
[Round "11"]
[White "Subbaraman, Vijayalakshmi"]
[Black "Deshmukh, Anup"]
[Result "1-0"]
[WhiteElo "2325"]
[BlackElo "2430"]

1.c4 Nf6 2.Nc3 c5 3.Nf3 e6 4.e4 d6 5.Be2 Be7 6.O-O O-O 7.d4 cxd4 8.Nxd4 a6
9.Be3 Nc6 10.Kh1 Qc7 11.Rc1 Qb8 12.f4 Bd7 13.Bf3 Na5 14.b3 Rc8 15.g4 b5 16.cxb5 axb5
17.g5 Ne8 18.f5 b4 19.fxe6 fxe6 20.Bh5 Rxc3 21.Bf7+ Kh8 22.Rxc3 Qb7 23.Rc2 Qxe4+
24.Qf3 Qxf3+ 25.Rxf3 e5 26.Bd5 exd4 27.Bxa8  1-0

[Event "St Helier Tohmatsu op"]
[Site "St Helier"]
[Date "1999.02.16"]
[Round "3"]
[White "Plaskett, Jim"]
[Black "Dunnington, Angus J"]
[Result "1/2-1/2"]
[WhiteElo "2483"]
[BlackElo "2353"]

1.Nf3 Nf6 2.c4 c5 3.Nc3 g6 4.e4 Bg7 5.d4 cxd4 6.Nxd4 Nc6 7.Be3 O-O 8.Be2 b6
9.O-O Bb7 10.Qd2 Nxd4 11.Bxd4 e5 12.Bxe5 Nxe4 13.Nxe4  1/2-1/2

[Event "Bunratty Masters"]
[Site "Bunratty"]
[Date "1999.02.19"]
[Round "3"]
[White "O'Cinneide, Mel"]
[Black "O'Connell, Gerard"]
[Result "0-1"]
[WhiteElo "2281"]
[BlackElo "2201"]

1.Nf3 Nf6 2.c4 g6 3.Nc3 c5 4.g3 Bg7 5.Bg2 Nc6 6.d4 cxd4 7.Nxd4 O-O 8.O-O Nxd4
9.Qxd4 d6 10.Qd3 Rb8 11.Be3 b6 12.Rac1 Bb7 13.b3 Bxg2 14.Kxg2 Qd7 15.Rfd1 Qb7+
16.Kg1 Rbc8 17.Bd4 Rfd8 18.Rc2 Rd7 19.Rdc1 h5 20.h3 Rdc7 21.Bxf6 Bxf6 22.Nd5 Rd7
23.Nxf6+ exf6 24.Rd2 f5 25.Qd4 Re8 26.Rcd1 Re4 27.Qf6 Re6 28.Qg5 Kg7 29.e3 Qf3
30.Qf4 Qxf4 31.gxf4 Kf8 32.b4 Re4 33.c5 Rxb4 34.cxd6 Rc4 35.Kf1 Kg7 36.Rd4 Rxd4
37.Rxd4 Kf6 38.Ke2 Ke6 39.f3 Rxd6 40.Rc4 b5 41.Rc5 Ra6 42.Rxb5 Rxa2+ 43.Kd3 Rf2
44.Ra5 Rxf3 45.Ra6+ Ke7 46.Rxa7+ Kf6 47.Ra6+ Kg7 48.Kd4 Rxh3 49.Ra3 Rg3 50.Kd3 Rg2
51.Ra1 h4 52.Rh1 Rg4 53.Ke2 Kh6 54.Kf3 Kh5 55.Ra1 Rg3+ 56.Kf2 Kg4 57.Ra7 h3
58.Rxf7 h2 59.Rg7 h1=N+ 60.Ke2 Rg2+ 61.Kd3 Kf3 62.Rh7 Nf2+ 63.Kd4 Rg1 64.Rh6 Rd1+
65.Kc4 Kxe3  0-1

[Event "Alushta"]
[Site "Alushta"]
[Date "1999.03.07"]
[Round "5"]
[White "Nosenko, Alexander"]
[Black "Malakhatko, Vadim"]
[Result "0-1"]
[WhiteElo "2433"]
[BlackElo "2496"]

1.Nf3 Nf6 2.c4 c5 3.Nc3 e6 4.g3 b6 5.Bg2 Bb7 6.O-O Be7 7.Re1 d6 8.e4 a6 9.d4 cxd4
10.Nxd4 Qc7 11.Qe2 Nbd7 12.Bd2 O-O 13.Rac1 Rfe8 14.b3 Rad8 15.g4 g6 16.Kh1 Qb8
17.g5 Nh5 18.Qg4 Bf8 19.Qh3 Qa8 20.Rcd1 Nc5 21.Bc1 Bg7 22.Qh4 Be5 23.Kg1 Bxd4
24.Rxd4 e5 25.Rdd1 Qb8 26.Bf3 Nf4 27.Bxf4 exf4 28.Qxf4 Re5 29.Bg4 Rde8 30.f3 b5
31.Rf1 bxc4 32.bxc4 Qc7 33.Nd5 Bxd5 34.cxd5 Qe7 35.h4 h6 36.gxh6 Qxh4 37.Kg2 f5
38.Rh1 Qf6 39.exf5 Kh8 40.Kh3 Re3 41.Qd4 R8e5 42.Rb1 gxf5 43.Bh5 f4 44.Bg4 Re2  0-1

[Event "Victor Ciocaltea Memorial"]
[Site "Bucharest"]
[Date "1999.03.09"]
[Round "6"]
[White "Rogozenko, Dorin"]
[Black "Ionescu, Constantin"]
[Result "1/2-1/2"]
[WhiteElo "2557"]
[BlackElo "2482"]

1.Nf3 c5 2.c4 Nf6 3.Nc3 b6 4.g3 Bb7 5.Bg2 g6 6.O-O Bg7 7.d4 cxd4 8.Qxd4 d6
9.Be3 Nbd7 10.Rac1 Rc8 11.b3 O-O 12.Qd2 a6 13.Bh3 Rc7 14.Nd4 Ne4 15.Nxe4 Bxe4
16.f3 Bb7 17.Rfd1 Qb8 18.Nc2 b5 19.Na3 bxc4 20.Nxc4 Ne5 21.Nxe5 Rxc1 22.Rxc1 Bxe5
23.Qb4 e6 24.f4 Bg7 25.Bg2 d5 26.Bd4 Rc8 27.Rxc8+ Qxc8 28.Bxg7 Kxg7 29.Qd4+ Kg8
30.b4 Qc1+ 31.Kf2 Bc6 32.Bf3 Bb5 33.h4 h5 34.f5 gxf5 35.Bxh5 Qh1 36.Qe3 Qh2+
37.Kf1 Qh1+ 38.Kf2 Qh2+ 39.Ke1 Qh1+ 40.Kd2 Qa1 41.Qg5+  1/2-1/2

[Event "Budapest FS03 IM"]
[Site "Budapest"]
[Date "1999.03.12"]
[Round "7"]
[White "Serrer, Christoph"]
[Black "Malada, Vinko"]
[Result "1-0"]
[WhiteElo "2285"]
[BlackElo "2265"]

1.Nf3 Nf6 2.c4 e6 3.Nc3 c5 4.g3 Nc6 5.Bg2 g6 6.O-O Bg7 7.d4 cxd4 8.Nxd4 Nxd4
9.Qxd4 O-O 10.Qd3 Qa5 11.Bf3 d5 12.cxd5 exd5 13.Nxd5 Bh3 14.Bd2 Qd8 15.Rfd1 Nxd5
16.Bxd5 Bxb2 17.Rab1 Bg7 18.Rxb7 Be6 19.Bxe6 Qxd3 20.exd3 fxe6 21.Be3 a5
22.Rc1 Rfc8 23.Rxc8+ Rxc8 24.Rb5 Bc3 25.Kg2 a4 26.Kf3 a3 27.Bc5 Bb2 28.Ke4 Ra8
29.f4 Ra4+ 30.Ke3 h5 31.Kd2 e5 32.fxe5 Bxe5 33.Be3 Bg7 34.Ke2 h4 35.Kf3 hxg3
36.hxg3 Ra6 37.Rb3 Bb2 38.Bc5 Ra4 39.g4 g5 40.Be3 Bf6 41.Rb5 Kf7 42.Bxg5 Bxg5
43.Rxg5 Rd4 44.Ke3 Ra4 45.Rb5 Rxg4 46.Ra5 Ke6 47.Rxa3 Kd5 48.Kd2 Kc5 49.Kc3 Rg1
50.Ra5+ Kb6 51.Ra8 Kc5 52.Rc8+ Kb5 53.Rc4 Rc1+ 54.Kd4 Rh1 55.Rc5+ Kb4 56.a3+ Kxa3
57.Rb5 Ka4 58.Rb8 Ka5 59.Kc5 Rh5+ 60.Kc4 Ka6 61.d4 Ka7 62.Rb4 Rh8 63.Kc5 Rc8+
64.Kd6 Rh8 65.d5 Rh6+ 66.Kc7 Rh7+ 67.Kc6 Rh1 68.d6 Rc1+ 69.Kd7 Re1 70.Kc7 Rc1+
71.Kd8 Re1 72.d7 Re2 73.Kc7 Rc2+ 74.Kd6 Rd2+ 75.Ke6 Rd1 76.Re4 Kb7 77.Ke7  1-0

[Event "DPMM 3.pl Chemnitz-Godesberg"]
[Site "Bad Godesberg"]
[Date "1999.03.14"]
[Round "?.4"]
[White "Kengis, Edvins"]
[Black "Kyas, Juergen"]
[Result "1-0"]
[WhiteElo "2571"]
[BlackElo "2260"]

1.Nf3 c5 2.c4 Nf6 3.Nc3 b6 4.g3 Bb7 5.Bg2 g6 6.O-O Bg7 7.d4 cxd4 8.Qxd4 d6
9.Be3 Nbd7 10.Rac1 Rc8 11.b3 O-O 12.Qd2 Ne4 13.Nxe4 Bxe4 14.Rfd1 Qc7 15.Bh3 Rb8
16.Nd4 a6 17.Nc2 Bxc2 18.Qxc2 a5 19.a3 Rfd8 20.b4 axb4 21.axb4 Ra8 22.Qb3 Ra7
23.Bxd7 Rxd7 24.c5 dxc5 25.Rxd7 Qxd7 26.bxc5  1-0

[Event "Budapest FS03 IM"]
[Site "Budapest"]
[Date "1999.03.16"]
[Round "11"]
[White "Serrer, Christoph"]
[Black "Eperjesi, Laszlo"]
[Result "1/2-1/2"]
[WhiteElo "2285"]
[BlackElo "2329"]

1.Nf3 Nf6 2.c4 e6 3.Nc3 c5 4.g3 b6 5.Bg2 Bb7 6.O-O Nc6 7.b3 Be7 8.d4 Nxd4
9.Nxd4 Bxg2 10.Kxg2 cxd4 11.Qxd4 Qc8 12.Kg1 O-O 13.Bb2 Rd8 14.Rac1  1/2-1/2

[Event "Amber Blindfold"]
[Site "Monte Carlo"]
[Date "1999.03.17"]
[Round "2"]
[White "Anand, Viswanathan"]
[Black "Shirov, Alexei"]
[Result "1/2-1/2"]
[WhiteElo "2781"]
[BlackElo "2726"]

1.Nf3 c5 2.c4 Nf6 3.Nc3 d5 4.cxd5 Nxd5 5.d4 Nxc3 6.bxc3 g6 7.e4 Bg7 8.Bb5+ Nc6
9.O-O cxd4 10.cxd4 O-O 11.Be3 Bg4 12.Bxc6 bxc6 13.Rc1 Qa5 14.Rxc6 Qxa2 15.Rc7 Qe6
16.h3 Qd6 17.Rc5 Bxf3 18.Qxf3 e6 19.e5 Qd7 20.Ra1 Rfb8 21.g4 Bf8 22.Rca5 Qb7
23.Kg2 Be7 24.d5 Bd8 25.Bh6 Rc8 26.Rd1 Rab8 27.Ra3 exd5 28.Rxd5 Be7 29.Rad3 Bf8
30.Bg5 Qc6 31.Rd7 Qe6 32.Qf6 a5 33.Qxe6 fxe6 34.Rf3 h6 35.Bd2 Rd8 36.Rxd8 Rxd8
37.Bxa5 Rd5 38.Bc3 Bg7 39.Re3 Bf8 40.Re4 g5 41.Kf3 Rd3+ 42.Re3 Rxe3+ 43.Kxe3 Kf7
44.Ke4 Be7 45.f3 Ke8 46.Kd4 Kf7 47.Kc4 Bf8 48.Kb5 Bg7 49.Bd4 Ke8 50.Kc6 Kf7
51.Kd7 Bf8 52.Be3 Bg7 53.f4 gxf4 54.Bxf4 Bf8 55.h4 Bg7 56.h5 Bf8 57.Kc6 Bg7
58.Be3 Bf8 59.Kd7 Bg7 60.Bf4 Bf8 61.g5 hxg5 62.Bxg5 Bb4  1/2-1/2

[Event "Novgorod op"]
[Site "Novgorod"]
[Date "1999.03.19"]
[Round "1"]
[White "Kharitonov, Andrei Y"]
[Black "Ivanov, Timur"]
[Result "1/2-1/2"]
[WhiteElo "2562"]
[BlackElo "2390"]

1.Nf3 c5 2.c4 Nf6 3.Nc3 b6 4.e3 Bb7 5.d4 cxd4 6.exd4 e6 7.Bd3 Be7 8.O-O d5
9.cxd5 Nxd5 10.Re1 Nd7 11.Nxd5 Bxd5 12.Bf4 O-O 13.Re3 g6 14.Be2 Nf6 15.Rc3 Bxf3
16.Rxf3 Qd7 17.Be5 Nd5 18.Qd2 f6 19.Bg3 Bd6 20.Bc4  1/2-1/2

[Event "Novgorod op"]
[Site "Novgorod"]
[Date "1999.03.20"]
[Round "2"]
[White "Iljushkin, Evgeny"]
[Black "Pavlov, Aleksandr"]
[Result "1-0"]
[WhiteElo "2405"]
[BlackElo "2308"]

1.c4 Nf6 2.Nf3 c5 3.Nc3 d5 4.cxd5 Nxd5 5.e3 Nc6 6.d4 cxd4 7.exd4 e6 8.Bd3 Be7
9.O-O O-O 10.Be3 Ncb4 11.Bb1 b6 12.a3 Nxc3 13.bxc3 Nc6 14.Be4 Bb7 15.c4 Rc8
16.Qc2 g6 17.Rfd1 f5 18.Bd3 Bf6 19.Be2 Qe7 20.Qa2 Rfd8 21.d5 Na5 22.Bd4 e5
23.Bc3 Ba6 24.d6 Qe6 25.Bxe5 Bxe5 26.Nxe5 Qxe5 27.c5+ Kg7 28.Bxa6 Rxc5 29.d7 Qe7
30.Bc8 Nc4 31.Rac1 Ne5 32.Rxc5 Qxc5 33.Qe6 Nf7 34.Qb3 Ne5 35.h3 Nf7 36.Qb2+ Qe5
37.Qd2 Kf6 38.Re1 Qd6 39.Qc3+ Kg5 40.Qg7 Qd5 41.Qxh7 Kf6 42.Qh4+ g5 43.Qa4 g4
44.hxg4 Rg8 45.Re6+ Qxe6 46.d8=Q+  1-0

[Event "Novgorod op"]
[Site "Novgorod"]
[Date "1999.03.20"]
[Round "2"]
[White "Shomoev, Anton"]
[Black "Sargissian, Gabriel"]
[Result "1/2-1/2"]
[WhiteElo "2105"]
[BlackElo "2390"]

1.Nf3 c5 2.c4 Nf6 3.Nc3 e6 4.g3 b6 5.Bg2 Bb7 6.O-O Be7 7.Re1 O-O 8.e4 d6
9.d4 cxd4 10.Nxd4 Qc8 11.Be3 a6 12.Rc1 Nbd7 13.f4 Qc7 14.g4 Nc5 15.Bf2 g6
16.b4 Ncd7 17.f5 Ne5 18.fxe6 Nfxg4 19.Nd5 Qd8 20.Bg3 Bg5 21.exf7+ Kxf7 22.Rf1+ Kg8
23.Ne6 Ne3 24.Qe2 Nxf1 25.Nxd8 Nxg3 26.hxg3 Bxd5 27.Rc2 Bxc4 28.Rxc4 Bxd8
29.Rc2 b5 30.Qd1  1/2-1/2

[Event "BL2-S9899"]
[Site "Germany"]
[Date "1999.03.21"]
[Round "8.2"]
[White "Beim, Valery"]
[Black "Werner, Marc"]
[Result "1/2-1/2"]
[WhiteElo "2562"]
[BlackElo "2355"]

1.c4 Nf6 2.Nc3 c5 3.Nf3 g6 4.d4 cxd4 5.Nxd4 b6 6.e4 Bb7 7.f3 d6 8.Be2 Bg7
9.O-O O-O 10.Be3 Nbd7 11.a4 a5 12.Ndb5 Nc5 13.Qe1 Ne8 14.Bd1 Nc7 15.Nxc7 Qxc7
16.Bc2 Bc6 17.Rd1 Rfe8 18.b3 Rad8 19.Nd5 Bxd5 20.exd5 e5 21.dxe6 Rxe6 22.Qd2 Rde8
23.Rfe1 Qc6 24.Bf2 Rxe1+ 25.Bxe1 Re6 26.Bg3 Qe8 27.Kf1 Be5 28.f4 Bg7 29.Re1 Rxe1+
30.Bxe1 Qe6 31.Qe2 f5 32.Qxe6+ Nxe6 33.g3 Bd4 34.b4 axb4 35.Bxb4 Bc5 36.Bd2 Kf7
37.Bd1 Nd4  1/2-1/2

[Event "Bled op"]
[Site "Bled"]
[Date "1999.03.24"]
[Round "5"]
[White "Sebenik, Matej"]
[Black "Demidenko, Sergey"]
[Result "1-0"]
[WhiteElo "2154"]
[BlackElo "2223"]

1.Nf3 Nf6 2.c4 g6 3.Nc3 c5 4.g3 Bg7 5.d4 cxd4 6.Nxd4 O-O 7.Bg2 Nc6 8.O-O a6
9.c5 Qc7 10.Nb3 b6 11.cxb6 Qxb6 12.Be3 Qc7 13.Bf4 Qa7 14.Rc1 Bb7 15.Be3 Qb8
16.Nc5 Bc8 17.N3e4 Qxb2 18.Nxf6+ Bxf6 19.Nxd7 Bxd7 20.Qxd7 Ne5 21.Qa4 Rad8
22.Qxa6 Rd6 23.Qa5 Qxe2 24.a4 h5 25.Qb5 Qg4 26.Bf4 Nd3 27.Bxd6 Nxc1 28.Rxc1 exd6
29.a5 Bd4 30.a6 h4 31.Qc4 Re8 32.a7 d5 33.Qc6 Bxf2+ 34.Kh1  1-0

[Event "IND-ch"]
[Site "Nagpur"]
[Date "1999.03.24"]
[Round "2"]
[White "Saravanan, V."]
[Black "Konguveel, Ponnuswamy"]
[Result "1/2-1/2"]
[WhiteElo "2393"]
[BlackElo "2436"]

1.Nf3 Nf6 2.c4 g6 3.Nc3 c5 4.g3 b6 5.Bg2 Bb7 6.O-O Bg7 7.d4 cxd4 8.Nxd4 Bxg2
9.Kxg2 Nc6 10.Nc2 O-O 11.b3 a6 12.a4 Qc7 13.Rb1 d6 14.Bb2 e6 15.e4 Rfd8 16.Ne3 Qb7
17.f3 Nd7 18.Rf2  1/2-1/2

[Event "Novgorod op"]
[Site "Novgorod"]
[Date "1999.03.25"]
[Round "7"]
[White "Vaulin, Alexander"]
[Black "Dvoirys, Semen I"]
[Result "1-0"]
[WhiteElo "2547"]
[BlackElo "2562"]

1.Nf3 Nf6 2.c4 c5 3.Nc3 d5 4.cxd5 Nxd5 5.e3 Nxc3 6.bxc3 e6 7.Rb1 Nc6 8.Bb5 Bd7
9.O-O Be7 10.d4 O-O 11.e4 cxd4 12.cxd4 a6 13.Be2 b5 14.Bb2 Bf6 15.Qd2 Re8
16.Rfd1 Qa5 17.Bc3 Qb6 18.h4 b4 19.Bxb4 Reb8 20.Bd6 Qxb1 21.Rxb1 Rxb1+ 22.Kh2 h6
23.Bd3 Rb7 24.e5 Be7 25.Qf4 Be8 26.Bxe7 Rxe7 27.Qe4 g6 28.Qf4 Kh7 29.h5 Nb4
30.Be4 Nd5 31.Bxd5 exd5 32.Qf6 Re6 33.hxg6+ Kg8 34.gxf7+ Bxf7 35.Qf4 Rf8
36.Nh4 Bh5 37.Qg3+ Kh7 38.Kh3  1-0

[Event "Bled op"]
[Site "Bled"]
[Date "1999.03.27"]
[Round "8"]
[White "Mikhalchishin, Adrian"]
[Black "Krivoshey, Sergei"]
[Result "1-0"]
[WhiteElo "2542"]
[BlackElo "2451"]

1.Nf3 Nf6 2.c4 c5 3.Nc3 g6 4.d4 cxd4 5.Nxd4 Nc6 6.g3 Bg7 7.Bg2 O-O 8.O-O Ng4
9.e3 d6 10.b3 Nxd4 11.exd4 Nh6 12.Bxh6 Bxh6 13.Qe2 Rb8 14.Rfd1 Qa5 15.b4 Qa3
16.Rab1 Be6 17.Rb3 Qa6 18.Bd5 Bf5 19.Nb5 Bd7 20.Nc3 e6 21.Bf3 Bg7 22.b5 Qa5
23.Qe3 Rfd8 24.h4 h5 25.d5 e5 26.Ne4 Bf5 27.Ra3 Qc7 28.Rxa7 Qxc4 29.b6 Bxe4
30.Bxe4 f5 31.Bf3 e4 32.Be2 Qb4 33.Qb3 Qc5 34.Ra4 Ra8 35.Rc4 Qa5 36.a4 Rdc8
37.Rdc1 Rxc4 38.Rxc4 Qe1+ 39.Bf1 Rf8 40.Qe3 Qd1 41.Rc7 f4 42.Qxe4 fxg3 43.Qxg6 gxf2+
44.Kh2 Qd4 45.Rxb7 Qe5+ 46.Qg3 Rf4 47.Rxg7+ Qxg7 48.Qxg7+ Kxg7 49.a5 Rxh4+
50.Kg2 Rg4+ 51.Kxf2 Rf4+ 52.Kg1 Rg4+ 53.Kf2 Rf4+ 54.Kg2 Rg4+ 55.Kf3 Rb4 56.Bd3 Rb3
57.a6 Rxd3+ 58.Ke2 Rxd5 59.a7 Ra5 60.Kf3 Kf6 61.b7 Rxa7 62.b8=Q Rd7 63.Qf8+ Ke6
64.Ke4 Rf7 65.Qe8+ Re7 66.Qc8+ Kf6+ 67.Kd5 Re5+ 68.Kxd6 Rf5 69.Qh8+ Kg5 70.Ke6 Rf3
71.Qe5+ Kg4 72.Qe4+ Kg3 73.Qg6+ Kf2 74.Qxh5 Rb3 75.Qh2+ Ke1 76.Kd5 Rb7 77.Kd4 Rd7+
78.Kc3 Rf7 79.Qh4+  1-0